[Event "Moscow Open-F 2019"]
[Site "Moscow"]
[Date "2019.01.28"]
[Round "4"]
[White "Indzhiev, Aldar"]
[Black "Aleksandrovskiy, Dmitriy"]
[Result "0-1"]
[WhiteElo "2218"]
[BlackElo "2299"]
[Annotator "TA"]
[PlyCount "74"]
[EventDate "2019.01.26"]
[EventType "swiss"]
[EventCountry "RUS"]
[SourceTitle "playchess.com"]
[Source "ChessBase"]
[SourceQuality "1"]

{[%evp 22,74,0,0,22,0,0,-20,-26,-59,14,-50,-26,-11,0,-148,-149,-151,-123,-155,-149,-150,-153,-151,-69,-70,-56,-393,-393,-812,-541,-552,-543,-536,-513,-1026,-1028,-1034,-1025,-999,-997,-4362,-1492,-3088,-2767,-5135,-5135,-7276,-1120,-12837,-6421,-4922,-4922,-1414,-1371]} 1. d4 Nf6 2. c4 c5 3. d5 e6 4. Nc3 exd5 5. cxd5 d6 6. g3 g6 7. Bg2 Bg7 8. Nf3 O-O 9. O-O a6 10. a4 Re8 11. Nd2 Nbd7 12. h3 b6 {[%cal Bb7b6,Bb6b5][%mdl 32] A64: Modern Benoni: Fianchetto Variation: 9...Nbd7 10 Nd2 a6 11 a4 Re8} (12... Rb8 13. Nc4 Ne5 14. Na3 Nh5 15. e4 Bd7 16. g4 Nf6 17. g5 Nh5 18. f4 b5 19. fxe5 b4 20. Nc4 bxc3 21. bxc3 Bxe5 22. Qf3 f5 23. gxf6 Qxf6 24. Nxe5 Qxe5 {0-1 (60) So,W (2812)-Nakamura,H (2785) Stavanger 2017}) 13. Ra2 $146 ({Predecessor:} 13. Nc4 Ne5 14. Nxe5 Rxe5 15. Bf4 Re8 16. Qd2 Rb8 17. Bh6 Bxh6 18. Qxh6 b5 19. axb5 axb5 {0-1 (49) Ilincic,Z (2450)-Yilmaz,M (2630) Valjevo 2018}) 13... Rb8 14. b3 (14. Nc4 $5 {[%cal Rc4d6]}) 14... b5 {The position is equal.} 15. Bb2 Qe7 (15... b4 $15 16. Nce4 Nxe4 17. Nxe4 Bxb2 18. Rxb2 Qe7) 16. Re1 ({White should try} 16. e4 $11) 16... Ne5 17. Qc2 c4 18. axb5 {[#]} (18. bxc4 $1 $11 Nxc4 19. axb5 Nxd2 20. Qxd2 axb5 21. Ra5) 18... Nd3 $1 $36 {[%cal Rd3e1][%mdl 2112] Pin. Black is in control.} 19. Rea1 Nb4 {[%mdl 64] Double Attack} 20. Qb1 {aiming for Ra4.} Nxa2 21. Qxa2 axb5 {Threatens to win with ...b4.} 22. bxc4 b4 (22... bxc4 $17 23. Nxc4 Nd7) 23. Nb5 $1 $15 Qxe2 24. Nxd6 $2 {[%mdl 8192]} (24. Bd4 $15) 24... Qxd2 $19 25. Qa7 $2 (25. Nxe8 Nxe8 26. Bxg7 Qxa2 27. Rxa2 Kxg7 28. c5) 25... Bb7 {Black is clearly winning.} 26. Nxe8 Rxe8 27. Qxb7 Qxb2 28. Ra7 (28. Rf1 $142 Bf8 29. Qb6) 28... Rf8 {...Ne4! is the strong threat.} 29. d6 {[#]} Ne4 $1 {[%mdl 512]} 30. Qxe4 Bd4 {[%mdl 64] Double Attack} 31. Ra2 Bxf2+ {[%mdl 64] Double Attack} 32. Kh2 Qxa2 33. d7 Qa3 34. Qf4 Qe3 35. Qd6 Bxg3+ 36. Qxg3 Qxg3+ 37. Kxg3 Rd8 {Accuracy: White = 17%, Black = 63%.} 0-1

[Event "Moscow Open-F 2019"]
[Site "Moscow"]
[Date "2019.01.28"]
[Round "4"]
[White "Mamatov, Melis"]
[Black "Thing, Bibek"]
[Result "1-0"]
[WhiteElo "2203"]
[BlackElo "2264"]
[Annotator "TA"]
[PlyCount "77"]
[EventDate "2019.01.26"]
[EventType "swiss"]
[EventCountry "RUS"]
[SourceTitle "playchess.com"]
[Source "ChessBase"]
[SourceQuality "1"]

{[%evp 17,77,-23,-6,-75,-24,-29,8,0,64,54,79,80,66,64,75,18,37,34,207,199,191,195,321,308,391,393,437,450,460,447,890,887,828,725,817,589,543,555,858,838,875,897,865,823,780,0,891,870,860,855,807,662,669,671,772,502,633,593,645,634,1324,1294]} 1. e4 c5 2. Nf3 d6 3. d4 cxd4 4. Nxd4 Nf6 5. Nc3 a6 6. Bg5 e6 7. Qd2 Be7 8. O-O-O b5 9. Bd3 Bb7 {LiveBook: 20 Games. B95: Sicilian Najdorf: 6 Bg5 e6, unusual White 7th moves} 10. Rde1 (10. f3 $11 {keeps the balance.}) (10. Rhe1 b4 11. Nb1 Nbd7 12. Qxb4 Nc5 13. Nb3 Qc7 14. Nxc5 dxc5 15. Qd2 c4 16. Bxf6 Bxf6 17. Bxc4 {½-½ (45) Koneru,H (2600)-Hou,Y (2591) Antakya 2010}) 10... b4 $146 (10... Nbd7 $17) ({Predecessor:} 10... Nbd7 11. f4 b4 12. Nd1 Rb8 13. Bxa6 Bxa6 14. Nc6 Qc7 15. Nxb8 Qxb8 16. g4 O-O 17. Bxf6 Nxf6 {0-1 (27) Turner,J-Johnston,D (2212) Swansea 2001}) 11. Nd1 $11 Qa5 {Black has an edge.} 12. Nb3 Qa4 ({Better is} 12... Qc7 $11) 13. f4 $14 Nbd7 14. Kb1 $1 Nc5 15. Nxc5 dxc5 16. Nf2 (16. Ne3 $16) 16... Qc6 {Threatening ...c4.} 17. Qe2 Nd7 $2 (17... h6 $14 18. Bxf6 gxf6) 18. Bxe7 $1 $18 Kxe7 {[#]} 19. e5 $1 Rhc8 (19... Qc7 $142 20. Be4 Bxe4) 20. Be4 {[%cal Bd3e4,Be4b7,Bb7c8][%mdl 32]} Qb6 21. Qh5 b3 22. cxb3 c4 23. Bxb7 cxb3 (23... Qxb7 $142 24. Ne4 Qd5) 24. Bxc8 bxa2+ 25. Ka1 Rb8 26. Qe2 Nc5 {[%cal Bd7c5,Bc5b3,Bb3d2][%mdl 32] ( -> ...Nb3+)} 27. Kxa2 Qa5+ 28. Kb1 Nb3 29. Qxa6 {Qd6+ would kill now.} Nd2+ 30. Kc1 Nb3+ 31. Kb1 {[%cal Bc1b1,Bb1c2,Bc2d1][%mdl 32] White wants to mate with Qd6+.} Nd2+ 32. Kc2 {Threatening mate with Qd6+.White is clearly winning.} Qc5+ 33. Kd1 (33. Kxd2 {leads to mate.} Rxb2+ 34. Kd3 Qd5+ 35. Ke3 Qd2+ 36. Kf3 Qxf2+ 37. Kg4 Qxg2+ 38. Kh4 {[#]} g5+ $1 {[%mdl 512]} 39. fxg5 Rb4+ 40. Qc4 Rxc4+ 41. Re4 Rxe4+ 42. Kh5 Qh3#) 33... Nc4 34. Re2 Rxc8 35. Nd3 Qc7 36. Rd2 Rd8 37. Re1 {[%cal Bh1e1,Be1e4,Be4b4][%mdl 32]} g5 38. Re4 Nb6 39. Rb4 {Accuracy: White = 70%, Black = 19%.} 1-0

[Event "Moscow Open-F 2019"]
[Site "Moscow"]
[Date "2019.01.28"]
[Round "4"]
[White "Grachev, Andrey"]
[Black "Bobrov, Vitaly"]
[Result "1-0"]
[WhiteElo "2181"]
[BlackElo "1970"]
[Annotator "TA"]
[PlyCount "87"]
[EventDate "2019.01.26"]
[EventType "swiss"]
[EventCountry "RUS"]
[SourceTitle "playchess.com"]
[Source "ChessBase"]
[SourceQuality "1"]

{[%evp 18,87,0,0,14,0,24,10,14,0,0,-23,46,43,142,132,164,171,172,158,150,142,160,168,204,180,179,172,207,161,171,153,164,157,194,152,162,148,123,139,216,212,193,156,148,141,213,202,228,222,285,54,170,0,363,351,347,338,366,363,350,344,29978,29979,29978,29976,29985,29986,29987,29988,29988,29989]} 1. e4 e5 2. Nf3 Nf6 3. Nxe5 d6 4. Nf3 Nxe4 5. Nc3 Nxc3 6. dxc3 Be7 7. Bf4 O-O 8. Qd2 Nd7 {[%cal Bb8d7,Bd7c5,Bc5a4][%mdl 32]} 9. O-O-O Nc5 10. Nd4 c6 {C42: Petroff Defence: 3 Nxe5 and unusual White 3rd moves} (10... Re8 11. f3 Ne6 12. Be3 Bg5 13. h4 Bxe3 14. Qxe3 Nxd4 15. Qxd4 Qe7 16. Bc4 Qe3+ 17. Qxe3 Rxe3 {½-½ (17) Polgar,J (2687)-Ivanchuk,V (2756) Hoogeveen 2009}) 11. f3 d5 12. h4 Na4 $146 {The position is equal.} ({Predecessor:} 12... f5 13. Kb1 Bf6 14. g3 Na4 15. b3 Nc5 16. Bh3 Qa5 17. Rhe1 Rd8 {1-0 (93) Brito Rondon,E (2001)-Lorenzo De Los Santos,L (2118) Santo Domingo 2017}) 13. Nb3 Be6 14. Be3 c5 ({Don't blunder} 14... Bxh4 $2 15. Qd4 $18) (14... a6 $11) 15. Bb5 $14 a6 (15... Nxb2 $1 $14 16. Kxb2 c4) 16. Bxa4 $16 b5 17. Nxc5 ({Resist} 17. Bxc5 bxa4 18. Bxe7 axb3 $16) 17... bxa4 18. Nxe6 fxe6 19. Bg5 a3 20. b3 a5 21. Rhe1 Bxg5 22. hxg5 ({But not} 22. Qxg5 $6 Qc8 $16) 22... Ra6 23. Re5 a4 24. Rde1 axb3 25. cxb3 Qc8 26. Qe3 Rc6 {[#]} 27. Kc2 $1 {[%cal Re5e6]} Qd7 28. Qd4 Rfc8 {[#]} (28... Qf7 $16 29. Qe3 Rfc8 30. Rxe6 Rxc3+ 31. Qxc3 Qf5+ 32. Kd2 Rxc3 33. Kxc3 Qxg5) 29. R1e3 $1 $18 Qf7 30. g4 Qg6+ 31. Kc1 Qf7 (31... Kf8 $16) 32. f4 g6 33. Kc2 Qg7 34. Qb4 $2 (34. Kd2 $18) 34... Qd7 ({Black should play} 34... Qa7 $1 $14) 35. Qd4 $2 (35. f5 $18) 35... Qf7 $2 {[%mdl 8192] [#]} (35... Qg7 $1 $11 {and Black has nothing to worry.}) 36. f5 $1 {[%mdl 512]} gxf5 (36... exf5 37. Re7) 37. gxf5 Qh5 {intending ...Qh2+.} 38. fxe6 {[%cal Bf5e6,Be6e7][%mdl 32] aiming for e7.} Qh2+ 39. Re2 Rxc3+ $2 (39... Qh3 $18 40. c4 dxc4) 40. Qxc3 {White mates.} Rxc3+ 41. Kxc3 Qh5 42. e7 Qe8 43. Kd4 Kg7 44. Rf5 {Accuracy: White = 70%, Black = 39%.} 1-0

[Event "Moscow Open-F 2019"]
[Site "Moscow"]
[Date "2019.01.28"]
[Round "4"]
[White "Khudyakov, Stanislav"]
[Black "Chernyavsky, Alexander"]
[Result "0-1"]
[WhiteElo "2126"]
[BlackElo "2357"]
[Annotator "TA"]
[PlyCount "122"]
[EventDate "2019.01.26"]
[EventType "swiss"]
[EventCountry "RUS"]
[SourceTitle "playchess.com"]
[Source "ChessBase"]
[SourceQuality "1"]

{[%evp 19,122,12,22,17,23,14,53,60,59,63,62,63,61,59,57,0,16,0,9,9,9,9,9,-30,-29,-30,-8,-8,-8,-29,-29,-30,-30,-33,-40,-40,-32,-117,-117,-124,-125,-119,-97,-146,-153,-151,-132,-146,-89,-147,-125,-168,-76,-81,-59,-132,-127,-131,-59,-133,-59,-81,-83,-132,-132,-132,-133,-142,-127,-131,-92,-167,-167,-167,-166,-280,-249,-395,-385,-361,-315,-308,-266,-260,-28,-28,-26,-25,18,7,42,-16,-8,-8,8,-247,-260,-335,-347,-29978,-29979,-29978,-29959,-2708,-2854]} 1. e4 e6 2. d4 d5 3. Nc3 Bb4 4. e5 Ne7 5. a3 Bxc3+ 6. bxc3 c5 7. Nf3 Qc7 8. Qd2 Bd7 9. a4 Nbc6 10. Ba3 b6 11. Bd3 {C19: French: 3 Nc3 Bb4: Main line: 7 Nf3 and 7 a4} h6 12. O-O c4 (12... Na5 13. Ba6 {1-0 (13) Schulze,M (2427)-Kiriakov,P (2553) Chessfriend.com 2003}) 13. Be2 {White is slightly better.} Na5 14. g3 $146 ({Predecessor:} 14. h4 Bc6 15. h5 Qd7 16. Bb4 Bxa4 17. Nh4 Bb5 18. f4 Nac6 {½-½ (36) Scacco,M (2285)-Rudolf,M (2429) Chessfriend.com 2004}) 14... Bc6 15. Nh4 O-O-O 16. f4 g6 17. Ng2 (17. Qc1 $14) 17... h5 18. Nh4 {[%cal Bg2h4,Bh4f3,Bf3g5][%mdl 32]} Nb7 19. Nf3 Nf5 20. Ng5 Rd7 21. a5 Nxa5 22. Bb4 Kb8 23. Rfb1 {Black must now prevent Bxa5.} Nb7 24. Ra6 Nd8 25. Rba1 Qc8 26. Qc1 Bb5 27. R6a2 Rb7 28. g4 (28. Bf1 $15) 28... hxg4 $17 29. Bxg4 Qd7 30. Bxf5 gxf5 31. Qe3 Ka8 32. Kg2 Qe8 33. Qg3 Qg8 (33... a6 $142 34. Bd6 Nc6) 34. h4 (34. Nf3 $142) 34... Be8 35. Rh1 Qg6 (35... Rh6 $19 36. Rg1 f6 37. exf6 Rxf6) 36. Nf3 Qh7 37. Raa1 {[#]} ({White should play} 37. h5 $15) 37... Rg8 $1 {[%cal Rg8g3]} 38. Ng5 Qh6 ({Better is} 38... Qh5 $17 39. Kf2 Bc6) 39. Kf2 $15 f6 (39... Nc6 $17 40. Ba3 a5) 40. exf6 Qxf6 41. Bd6 Bh5 42. Qe3 Nf7 $36 {[%mdl 2048] Black is on the roll.} 43. Be5 Qg6 44. Qc1 Rd8 45. Qa3 (45. Nxf7 $17 Qxf7 46. Qb2) 45... Nxe5 $19 46. dxe5 Qe8 47. Rhb1 (47. Qa4 $142) 47... Qc6 48. Qb4 (48. Kg3 {was necessary.}) 48... d4 49. cxd4 Rxd4 50. Kg3 Rd8 51. Qb5 {[#]} Qd5 $2 (51... Qc8 $1 $19 {Hoping for ...Rd2.} 52. Rg1 Kb8) 52. Qxd5 $11 exd5 53. Ne6 Rg8+ 54. Kf2 Rg6 55. Nd4 (55. Ng5 $14) 55... Rg4 56. Ke3 Rbg7 {...Rg3+ is the strong threat.} 57. Nxf5 $2 {[%mdl 8192]} (57. Ne6 $1 $11 Rb7 58. Rg1) 57... Rf7 $19 58. Nd6 Rfxf4 {( -> ...d4+)} 59. Rxb6 $2 (59. c3 $19 Rf8 60. Rg1 Rf3+ 61. Ke2 Rxh4 62. Ke1 Re3+ 63. Kd2 Rd3+ 64. Ke1 Re3+ 65. Kd2 Rd3+ 66. Ke1 Re3+) 59... d4+ 60. Kd2 Rg2+ 61. Kc1 c3 {Accuracy: White = 43%, Black = 49%.} 0-1

[Event "Moscow Open-F 2019"]
[Site "Moscow"]
[Date "2019.01.28"]
[Round "4"]
[White "Razumovskiy, Mikhail"]
[Black "Oguzov, Shamil"]
[Result "1/2-1/2"]
[WhiteElo "1974"]
[BlackElo "2196"]
[Annotator "RC"]
[PlyCount "130"]
[EventDate "2019.01.26"]
[EventType "swiss"]
[EventCountry "RUS"]
[SourceTitle "playchess.com"]
[Source "ChessBase"]
[SourceQuality "1"]
[TimeControl "40/5400+30:1800+30"]

1. d4 Nf6 {[%emt 0:06:50]} 2. c4 {[%emt 0:00:00]} c5 {[%emt 0:00:05]} 3. d5 {[%emt 0:00:27]} b5 4. cxb5 {[%emt 0:00:37]} a6 {[%emt 0:00:08]} 5. b6 {[%emt 0:00:41]} d6 {[%emt 0:00:25]} 6. Nc3 {[%emt 0:01:38]} Nbd7 {[%emt 0:00:09]} 7. Nf3 {[%emt 0:00:55]} g6 {[%emt 0:00:33]} 8. e4 {[%emt 0:02:02]} Bg7 {[%emt 0:00:40]} 9. Bd3 {[%emt 0:03:59]} O-O {[%emt 0:00:14]} 10. O-O {[%emt 0:00:05]} Nxb6 {[%emt 0:00:13]} 11. h3 {[%emt 0:10:59]} e6 {[%emt 0:04:21]} 12. dxe6 {[%emt 0:13:58]} Bxe6 {[%emt 0:00:35]} 13. Bg5 h6 {[%emt 0:05:35]} 14. Bh4 {[%emt 0:07:11]} g5 {[%emt 0:02:01]} 15. Bg3 {[%emt 0:00:26]} d5 {[%emt 0:00:19]} 16. e5 Nfd7 {[%emt 0:21:23]} 17. Rc1 {[%emt 0:09:47]} Qe7 {[%emt 0:04:23]} 18. Bb1 {[%emt 0:01:13]} Rfd8 {[%emt 0:00:43]} 19. Qe2 {[%emt 0:08:39]} Nf8 {[%emt 0:00:40]} 20. Nh2 {[%emt 0:09:59]} Ng6 {[%emt 0:28:52]} 21. Qh5 {[%emt 0:06:40]} Nf4 {[%emt 0:00:31]} 22. Bxf4 {[%emt 0:00:53]} gxf4 {[%emt 0:00:01]} 23. Nf3 {[%emt 0:01:30]} f6 {[%emt 0:09:13]} 24. Rfe1 {[%emt 0:01:36]} fxe5 {[%emt 0:01:58]} 25. Nxe5 {[%emt 0:00:09]} Qf6 {[%emt 0:01:50]} 26. Bg6 {[%emt 0:03:35]} Nd7 {[%emt 0:05:11]} 27. Nf7 {[%emt 0:01:18]} Bxf7 {[%emt 0:00:49]} 28. Bxf7+ {[%emt 0:02:14]} Qxf7 {[%emt 0:00:12]} 29. Qxf7+ {[%emt 0:00:51]} Kxf7 {[%emt 0:00:04]} 30. Nxd5 {[%emt 0:00:04]} Nf6 {[%emt 0:03:24]} 31. Nxf4 {[%emt 0:03:51]} Rac8 {[%emt 0:00:02]} 32. b3 Rd6 {[%emt 0:01:41]} 33. Re5 {[%emt 0:01:38]} Rdc6 {[%emt 0:01:30]} 34. Rc4 {[%emt 0:00:35]} Nd7 {[%emt 0:01:08]} 35. Rd5 {[%emt 0:00:31]} Nb6 {[%emt 0:00:03]} 36. Rf5+ {[%emt 0:00:12]} Rf6 {[%emt 0:00:15]} 37. Rxf6+ {[%emt 0:01:59]} Bxf6 {[%emt 0:00:03]} 38. Rc1 {[%emt 0:00:58]} Bd4 {[%emt 0:00:04]} 39. Ne2 {[%emt 0:00:25]} Rd8 {[%emt 0:01:20]} 40. Kf1 {[%emt 0:00:39]} Nd5 {[%emt 0:00:40]} 41. Rd1 {[%emt 0:31:32]} Nb4 {[%emt 0:30:02]} 42. a4 {[%emt 0:00:32]} Nc6 {[%emt 0:00:43]} 43. g4 {[%emt 0:00:33]} Rb8 {[%emt 0:00:36]} 44. Rd3 {[%emt 0:00:51]} Ke6 {[%emt 0:01:13]} 45. f4 {[%emt 0:00:52]} Nb4 {[%emt 0:00:39]} 46. Nxd4+ {[%emt 0:00:56]} Kd5 {[%emt 0:00:05]} 47. Nc6+ {[%emt 0:00:07]} Kxc6 {[%emt 0:00:02]} 48. Rg3 {[%emt 0:01:08]} Rf8 {[%emt 0:00:57]} 49. f5 {[%emt 0:00:03]} Kd5 {[%emt 0:00:42]} 50. Ke2 {[%emt 0:00:30]} Kd4 {[%emt 0:00:50]} 51. Rf3 {[%emt 0:00:30]} Nd5 {[%emt 0:00:15]} 52. Rf1 {[%emt 0:02:03]} Ke4 {[%emt 0:00:45]} 53. Rc1 {[%emt 0:01:16]} Nf4+ {[%emt 0:00:25]} 54. Kf1 {[%emt 0:00:45]} Rb8 {[%emt 0:00:45]} 55. Rc3 {[%emt 0:02:28]} Nd3 {[%emt 0:00:49]} 56. Ke2 {[%emt 0:00:20]} Rxb3 {[%emt 0:00:31]} 57. Rxb3 {[%emt 0:00:48]} Nc1+ {[%emt 0:00:01]} 58. Kd2 {[%emt 0:00:16]} Nxb3+ 59. Kc3 Nd4 {[%emt 0:01:17]} 60. Kc4 {[%emt 0:00:05]} Ke5 {[%emt 0:00:42]} 61. Kxc5 {[%emt 0:00:07]} a5 {[%emt 0:00:31]} 62. Kc4 {[%emt 0:01:07]} Nc6 {[%emt 0:00:30]} 63. Kc5 {[%emt 0:00:09]} Nd4 {[%emt 0:00:05]} 64. Kc4 {[%emt 0:00:04]} Nc6 {[%emt 0:00:51]} 65. Kc5 {[%emt 0:00:05]} Nd4 {[%emt 0:00:33]} 1/2-1/2

[Event "Moscow Open-F 2019"]
[Site "Moscow"]
[Date "2019.01.28"]
[Round "4"]
[White "Gorenshtein, Kirill"]
[Black "Ufimtsev, Egor"]
[Result "0-1"]
[WhiteElo "1797"]
[BlackElo "2160"]
[Annotator "TA"]
[PlyCount "101"]
[EventDate "2019.01.26"]
[EventType "swiss"]
[EventCountry "RUS"]
[SourceTitle "playchess.com"]
[Source "ChessBase"]
[SourceQuality "1"]

{[%evp 17,101,56,69,40,50,42,65,65,86,66,98,106,129,115,126,68,80,73,198,14,14,14,17,18,17,10,12,18,39,0,0,2,6,0,0,0,0,0,20,-12,-2,-35,-35,-49,-56,-58,-50,-41,-20,-43,-27,-297,-266,-423,-422,-689,-586,-772,-710,-29957,-29954,-29963,-29963,-29964,-29956,-29960,-29953,-29937,-12849,-29976,-29977,-29977,-29978,-29983,-29984,-29985,-29986,-29991,-29986,-29986,-29987,-29988,-29989,-29989,-29988,-29984]} 1. e4 c5 2. Nf3 e6 3. d4 cxd4 4. Nxd4 a6 5. Bd3 Bc5 6. Nb3 Be7 7. Qg4 Bf6 {B42: Sicilian: Kan Variation: 5 Bd3} (7... g6 8. Qe2 d6 9. a4 Nc6 10. O-O Ne5 11. Kh1 Nf6 12. Nc3 Bd7 13. f4 Nxd3 14. cxd3 O-O 15. Be3 b5 16. a5 {1-0 (48) Aronian,L (2764)-Caruana,F (2816) Paris 2018}) 8. O-O Nc6 9. f4 d6 {LiveBook: 19 Games. White is slightly better.} 10. Qf3 Qc7 11. c3 g6 $146 ({Predecessor:} 11... Nge7 12. Be3 O-O 13. g4 g6 14. g5 Bg7 15. h4 {0-1 (32) Nun,J-Tarnowska,A (1704) Lublin 2007}) 12. Be3 Bg7 13. a4 b6 14. N1d2 Nf6 {[#]} 15. Nc4 $1 Nd7 16. e5 ({White should try} 16. Be2 $16) 16... dxe5 $14 17. Be4 Bb7 {[#]} (17... Nd8 $16 {might work better.}) 18. Rad1 $2 ({White has to play} 18. a5 $1 $18 {[%cal Ra5b6]} Nd8 19. Nbd2 (19. axb6 Qxc4 20. Bxb7 Nxb7 $16) (19. Nxb6 Bxe4 20. Qxe4 Rb8 $18) 19... Bxe4 20. Qxe4) 18... O-O $11 19. Rxd7 {[%mdl 64] Decoy} Qxd7 20. Nxb6 {[%mdl 64] Double Attack} Qc7 21. Nxa8 Bxa8 22. Nc5 Qc8 23. b4 f5 24. Bxc6 $1 Bxc6 25. Qg3 exf4 26. Bxf4 Rd8 27. Re1 Bd5 (27... e5 {looks sharper.} 28. Bxe5 Rd2 29. Qh4 g5 30. Qc4+ Bd5) 28. Bc7 {[#]} (28. h4 {feels hotter.} Bf8 29. Qe3 Bxc5 30. bxc5 Be4 31. Bd6) 28... Bxc3 $1 {[%mdl 576] Double Attack} 29. Bxd8 (29. Qxc3 Qxc7) 29... Bxe1 30. Qxe1 {Threatens to win with Bf6.} Qxd8 31. Nxa6 Be4 32. Nc5 Qd4+ $1 33. Kh1 Bd5 {aiming for ...Qb2.} 34. Nxe6 $2 {[%mdl 8192]} (34. h3 $1 $11) 34... Qg4 $19 {[%csl Gd5][%cal Rg4g2]} 35. Nf4 (35. Qd2 $142 Qe4 36. Kg1 Bxe6 37. Qd8+ Kf7 38. Qc7+ Ke8 39. Qb8+ Ke7 40. h3) 35... Qxf4 36. a5 (36. h4 $142) 36... Qe4 37. Qxe4 Bxe4 {[%mdl 4096] Endgame KB-KP} 38. b5 Bd3 39. b6 Ba6 40. Kg1 Kf7 41. Kf2 Kf6 42. Ke3 Ke5 43. h4 f4+ {Black mates.} 44. Kf3 Bb7+ 45. Kg4 h6 46. h5 g5 47. g3 fxg3 48. Kxg3 Kf5 49. Kh3 Kf4 50. Kh2 Kg4 51. Kg1 {Accuracy: White = 29%, Black = 55%.} 0-1

[Event "Moscow Open-F 2019"]
[Site "Moscow"]
[Date "2019.01.28"]
[Round "4"]
[White "Dulguun Altankhuyag"]
[Black "Badalyan, Shavarsh"]
[Result "1/2-1/2"]
[WhiteElo "1681"]
[BlackElo "2198"]
[Annotator "TA"]
[PlyCount "112"]
[EventDate "2019.01.26"]
[EventType "swiss"]
[EventCountry "RUS"]
[SourceTitle "playchess.com"]
[Source "ChessBase"]
[SourceQuality "1"]

{[%evp 14,112,4,-1,23,-6,-11,-79,-57,-76,-50,-47,-34,-93,-100,-89,-94,-84,-84,-97,-57,-70,-59,-78,-75,-86,-83,-96,-79,-76,-81,-100,-95,-103,-108,-98,-54,-56,-48,-50,-56,-58,-31,-55,0,-54,-53,-51,-45,-69,-37,-37,-37,-37,-39,-70,-58,-69,-48,-69,-69,-69,-69,-69,-69,-69,-60,-62,-61,-62,-62,-69,-25,-62,-45,-46,0,0,0,0,0,0,0,0,0,0,0,0,94,0,0,0,0,0,0,0,0,-8,0,0,0]} 1. d4 Nf6 2. c4 e6 3. Nf3 Bb4+ 4. Bd2 Qe7 5. a3 Bxd2+ 6. Nbxd2 d6 7. e3 O-O 8. Be2 e5 {E11: Bogo-Indian} 9. dxe5 dxe5 10. e4 (10. Qc2 $11 {keeps the balance.}) (10. O-O e4 11. Nd4 c5 12. Nb5 Nc6 13. Qb3 Bf5 14. Rfd1 h5 15. Nf1 b6 16. Rd2 {0-1 (66) Mamedjarova,Z (2349)-Bologan,V (2669) Izmir 2004}) 10... Nc6 {Black is better.} 11. O-O Bg4 12. Qc2 $146 ({Predecessor:} 12. Re1 Rad8 13. Qc2 Bxf3 14. Nxf3 Nd4 15. Nxd4 Rxd4 16. Red1 Nxe4 {0-1 (37) Vakavchiev,I-Ljangov,P (2107) Blagoevgrad 2010}) 12... Rad8 13. h3 ({Better is} 13. c5 $15) 13... Bxf3 $17 14. Nxf3 Nd4 15. Nxd4 Rxd4 ({Don't play} 15... exd4 16. Bd3 $11) 16. Bf3 Qc5 17. Rac1 a5 18. Rfd1 Rfd8 19. Rxd4 Rxd4 20. Rd1 g6 21. Rxd4 Qxd4 22. g3 b6 23. Kg2 Kg7 24. b4 c5 25. bxa5 bxa5 26. h4 h5 27. a4 Nd7 28. Qb3 Nf6 29. Qc2 Ne8 30. Be2 $1 Nc7 31. Bf3 Na6 32. Be2 Nb4 33. Qb1 Qd2 34. Bf1 Qc3 35. Qd1 Nc2 (35... Qd4 $5 {[%cal Rd4d1]} 36. Qe2 Qd7 $15) 36. Kg1 Nd4 37. Bd3 Qa3 38. Kg2 Qb2 39. Kg1 Nc6 40. Bf1 Qd4 $1 {[%cal Rd4d1]} 41. Qb1 Nb4 42. Be2 Qd7 43. Qb3 Qd2 44. Qd1 Qa2 45. Bf1 $1 Qc2 46. Qd6 Qxe4 47. Qxc5 Nc2 48. Qxa5 {[#] Qd5 is the strong threat.} Ne1 $1 {[%cal Re1f3] And now ...Nf3+ would win.} 49. Qd5 Nf3+ 50. Kh1 Qe1 (50... Qb1 $1 $11 {remains equal.} 51. Kg2 (51. Qxf3 Qxf1+ {[%mdl 64] Double Attack} 52. Kh2 Qxc4 $11) 51... e4) 51. Qxf3 (51. Kg2 $16 Nd2 52. Qd3 (52. Bd3 e4 $11)) 51... Qxf1+ $16 {[%mdl 64] [#] Double Attack. KQ-KQ. The position is equal.} 52. Kh2 Qxc4 53. a5 Qa2 54. Qc3 $1 {[%cal Rc3e5]} Qxf2+ 55. Kh3 Qe2 56. Qa1 Qg4+ {Accuracy: White = 66%, Black = 51%.} 1/2-1/2

[Event "Moscow Open-F 2019"]
[Site "Moscow"]
[Date "2019.01.29"]
[Round "5"]
[White "Sarana, Alexey"]
[Black "Smirnov, Timofey"]
[Result "*"]
[WhiteElo "2630"]
[BlackElo "2347"]
[Annotator "TA"]
[PlyCount "74"]
[EventDate "2019.01.26"]
[EventType "swiss"]
[EventCountry "RUS"]
[SourceTitle "playchess.com"]
[Source "ChessBase"]
[SourceQuality "1"]

{[%evp 19,74,0,0,0,0,0,5,-7,-2,-14,0,-29,-34,-31,-26,-27,-37,-44,-36,-47,-43,-58,-33,-71,-73,-72,-36,-48,-46,-47,-39,-46,-55,-44,-53,-49,-33,-23,-25,-54,-46,-54,-49,-50,-37,-54,-62,-46,-54,-62,-54,-48,-51,-56,0,0,0]} 1. Nf3 d5 2. c4 d4 3. e3 Nc6 4. exd4 Nxd4 5. Nxd4 Qxd4 6. Nc3 Nf6 7. d3 {A09: Réti Opening: 1 Nf3 d5 2 c4} (7. Be2 Bf5 8. O-O e6 9. d3 c6 10. Be3 Qd7 11. d4 Bd6 12. Bf3 h6 13. Qe2 O-O 14. Rad1 Rfe8 {½-½ (43) Olszewski,M (2548)-Piorun,K (2676) Poland 2016}) 7... e5 8. Be3 Qd8 9. Be2 Be7 10. O-O O-O {LiveBook: 4 Games} 11. Bf3 c6 12. Re1 Be6 13. h3 $146 ({Predecessor:} 13. Bg5 Nd7 14. Bxe7 Qxe7 15. Qe2 {0-1 (47) Kiik,K (2455)-Neiksans,A (2551) Finland 2013}) 13... Nd7 {[%cal Bf6d7,Bd7c5,Bc5e6][%mdl 32]} 14. Qb3 Qc7 15. Rac1 Nc5 16. Qc2 Rfd8 $36 {[%mdl 2048] Black is pushing.} 17. Rcd1 Bf5 {[%cal Rf5d3]} 18. Ne4 Ne6 19. Ng3 Bg6 20. Be4 Rd7 21. Qc3 Rad8 {Hoping for ...Bxe4.} 22. Rd2 Nd4 23. Bxd4 Rxd4 24. a3 Bg5 {[#] ...Bxe4 is the strong threat.} 25. Rdd1 $1 Bh4 {And now ...Bxg3 would win.} 26. Bxg6 hxg6 27. Ne2 {[%cal Bg3e2,Be2c1,Bc1b3,Bb3d2,Bd2f3][%mdl 32]} R4d7 28. Nc1 $1 Re7 29. Nb3 f5 30. Nd2 Bf6 {aiming for ...Red7.} 31. Qc2 Red7 32. Nf3 {[#]} e4 $1 {[%mdl 512]} 33. dxe4 {Black must now prevent Rxd7.} Rxd1 34. Rxd1 Rxd1+ 35. Qxd1 fxe4 36. Nd2 e3 (36... Qd8 $15 37. Qe1 Bxb2 38. Nxe4 Bxa3) 37. fxe3 $11 Bxb2 {Precision: White = 72%, Black = 72%.} *